| 000 | 00557nam a2200205Ia 4500 | ||
|---|---|---|---|
| 003 | OSt | ||
| 005 | 20230401124542.0 | ||
| 008 | 210423s2005 xx 000 0 und d | ||
| 020 | _a1-891389-33-5 | ||
| 040 | _cAL | ||
| 041 | _aeng | ||
| 082 |
_a541.3 _223 _bCHAP |
||
| 100 |
_aCHANG (Raymond) _981940 |
||
| 245 | _aPhysical chemistry for the biosciences | ||
| 260 |
_aCalifornia _bUniversity Science Books _c2005 |
||
| 300 |
_axiii,677 _bHB |
||
| 650 |
_aPhysical Chemistry _981941 |
||
| 906 | _abiosciences ; chemistry: ; Physical | ||
| 942 |
_2ddc _cBK |
||
| 999 |
_c169033 _d169033 |
||